Co to za ptak? #7 - Statystyki

Ogólne statystyki
  • Ten quiz został rozwiązany 32 razy
  • Średni wynik to 7 z 24
Statystyki odpowiedzi
Obrazkowy Hint Odpowiedź % Poprawnych
x zwyczajna Gęgawa
100%
x czubata Łyska
100%
Łozówka
75%
x zmienny Nogal
75%
Szlamnik x Rycyk
50%
Edredon x Turkan
50%
x czerwonodzioba Amarantka
25%
x purpurowy Bławatnik
25%
x angielski (rasa gołębia) Garłacz
25%
x większy Kubanik
25%
x czarna Kureczka
25%
x błękitnogłowy Motylik
25%
x łuskowana Piona
25%
x białogłowa Pleszka
25%
x żaroczuby Pstrogłów
25%
inaczej Przedrzeźniacz północny Urąg
25%
inaczej Pójdźka lub Sowa ziemna Wnorka
25%
x krasnociemieniowy Bentewi
0%
x strojny Łuszcz
0%
x brodaty Manakin
0%
x zielonkawa Organka
0%
Polniczka
0%
x prążkowana Stepówka
0%
x kanadyjska Wilsonka
0%
Nie znaleziono quizów pasujących do podanych kryteriów
Rozkład punktacji
Procent ludzi z każdym wynikiem
Percentyl według liczby udzielonych odpowiedzi
Twoja historia wyników
Nie rozwiązałeś tego quizu